Loading...
| History - Other | 0 | 4 | 0 | 0 | 40 | 117 | 132.75 | 0 | 0 | 3.69 | 8.98 |
| Science - Biology | 0 | 4 | 0 | 1 | 40 | 132 | 138.75 | 0 | 0 | 0.28 | 8.11 |
| Social Science | 0 | 5 | 3 | 0 | 35 | 73 | 98.20 | 1 | 2 | 11.55 | 27.44 |
| History - World | 0 | 4 | 2 | 1 | 30 | 103 | 130.50 | 0 | 1 | 3.02 | 13.08 |
| Fine Arts - Classical Music and Opera | 0 | 3 | 0 | 1 | 30 | 130 | 143.67 | 0 | 0 | 1.17 | 9.74 |
| Fine Arts - Painting and Sculpture | 0 | 3 | 0 | 0 | 30 | 103 | 121.33 | 0 | 1 | 3.99 | 8.72 |
| History - American | 1 | 2 | 1 | 0 | 30 | 100 | 128.00 | 0 | 0 | 3.54 | 15.19 |
| Religion | 1 | 2 | 1 | 0 | 30 | 66 | 126.67 | 0 | 1 | 4.53 | 10.36 |
| Philosophy | 0 | 2 | 0 | 0 | 20 | 104 | 123.00 | 0 | 0 | 2.26 | 7.57 |
| Literature - World | 0 | 2 | 0 | 0 | 20 | 131 | 132.50 | 0 | 0 | 1.95 | 8.42 |
| Science - Chemistry | 0 | 1 | 0 | 1 | 10 | 138 | 138.00 | 0 | 0 | 0.06 | 0.55 |
| Geography | 0 | 1 | 1 | 0 | 5 | 119 | 119.00 | 0 | 1 | 6.35 | 28.57 |
| Science - Physics | 0 | 0 | 0 | 0 | 0 | 0.00 | 0 | 0 | 0.00 | 0.00 | |
| Fine Arts - Other Arts | 0 | 0 | 1 | 0 | -5 | 0.00 | 0 | 0 | 0.00 | 0.00 |